000 00533nam a2200193Ia 4500
008 101110s9999 xx 000 0 und d
041 _aENGLISH
082 _bSR15969
100 _aKarki Mohan Singh
245 _aA Rational approach to translation English to Hindi
365 _b4.1
520 _aEnglish
546 _aENGLISH
630 _aA Rational approach to translation English to Hindi
650 _aEnglish
655 _aEnglish
730 _aA Rational approach to translation English to Hindi
942 _cBOOK
999 _c809811
_d809808